Výroba vodíka z mokrej biomasy pomocou splyňovania v superkritickej vode.

Saved in:
Bibliographic Details
Main Author: Rusková, Renáta (Author)
Other Authors: Jelemenský, Ľudovít (Thesis advisor)
Format: Manuscript Book
Language:Slovak
Published: 2016
Subjects:
Online Access:http://is.stuba.sk/zp/portal_zp.pl?podrobnosti=110531
Tags: Add Tag
No Tags, Be the first to tag this record!

MARC

LEADER 00000ntm a22000003a 4500
001 stuzp58088
003 SK-STU
005 20160719155448.1
007 ta
008 150427s2015----xo-----f-mn---000-0-slo-d
040 |a STU  |b slo 
041 0 |a slo 
100 1 |a Rusková, Renáta  |u 046000  |k Z4  |4 aut  |U FCHPT Fakulta chemickej a potravinárskej technológie  |T FCHPT Ústav chemického a environmentálneho inžinierstva  |X 64038  |U C6000  |Y 104  |7 A0000064038 
242 0 1 |a Hydrogen production from wet biomass by supercritical water gasification.  |y eng 
245 1 0 |a Výroba vodíka z mokrej biomasy pomocou splyňovania v superkritickej vode. 
260 |c 2016 
650 4 |a mokrá biomasa  |2 slo 
650 4 |a vodík  |2 slo 
650 4 |a separácia  |2 slo 
650 4 |a splyňovanie v prostredí superkritickej vody  |2 slo 
650 4 |a hybridný membránový reaktor  |2 slo 
650 4 |a hydrogen  |2 eng 
650 4 |a separation  |2 eng 
650 4 |a supercritical water gasification  |2 eng 
650 4 |a hybrid membrane reactor  |2 eng 
650 4 |a wet biomass  |2 eng 
700 1 |a Jelemenský, Ľudovít  |u 046000  |k Z1  |4 ths  |U FCHPT Fakulta chemickej a potravinárskej technológie  |T FCHPT Ústav chemického a environmentálneho inžinierstva  |X 3893  |U C6000  |Y 104  |7 A000003893 
856 4 |u http://is.stuba.sk/zp/portal_zp.pl?podrobnosti=110531 
SQL |a stuzp58088  |b DBP  |c SLO  |d Výroba vodíka z mokrej biomasy pomocou splyňovania v superkritickej vode.  |e 64038  |f Rusková, Renáta  |g 046000  |h 3893  |i Jelemenský, Ľudovít  |j 20160712  |k 106  |l 04  |m http://is.stuba.sk/zp/portal_zp.pl?podrobnosti=110531  |n B-CHI  |o 5.2.17. chemické inžinierstvo